İmkansız Özerklik (Record no. 3728)

000 -LEADER
fixed length control field 00535nam a22001817a 4500
008 - FIXED-LENGTH DATA ELEMENTS--GENERAL INFORMATION
fixed length control field 190802b ||||| |||| 00| | eng d
020 ## - INTERNATIONAL STANDARD BOOK NUMBER
International Standard Book Number 9789750509223
041 ## - LANGUAGE CODE
Language code of text/sound track or separate title Türkçe
050 ## - LIBRARY OF CONGRESS CALL NUMBER
Classification number PL219
100 ## - MAIN ENTRY--PERSONAL NAME
9 (RLIN) 1639
Personal name Armağan, Yalçın
245 ## - TITLE STATEMENT
Title İmkansız Özerklik
Remainder of title Türk Şiirinde Modernizm
250 ## - EDITION STATEMENT
Edition statement 1.Baskı
260 ## - PUBLICATION, DISTRIBUTION, ETC.
Place of publication, distribution, etc. İstanbul:
Name of publisher, distributor, etc. İletişim Yayınları,
Date of publication, distribution, etc. 2011
300 ## - PHYSICAL DESCRIPTION
Extent 172 Sayfa
Dimensions 20 cm.
500 ## - GENERAL NOTE
General note İletişim Yayınları ; 1626
Edebiyat Eleştirisi ; 17
650 #0 - SUBJECT ADDED ENTRY--TOPICAL TERM
9 (RLIN) 145
Topical term or geographic name entry element Türk Edebiyatı
942 ## - ADDED ENTRY ELEMENTS (KOHA)
Source of classification or shelving scheme
Koha item type Books
Holdings
Withdrawn status Lost status Source of classification or shelving scheme Damaged status Not for loan Permanent Location Current Location Shelving location Date acquired Full call number Barcode Date last seen Price effective from Koha item type
        Ödünç verilemez İmren Ahmet Tüzün Kütüphanesi İmren Ahmet Tüzün Kütüphanesi Ahmet Tüzün 2019-08-02 PL219 100100003872 2019-08-02 2019-08-02 Books

This software was implemented, installed and managed by Devinim Software Training Consulting .